Abécédaire Terre du milieu - Statistiques

Statistiques générales
  • Ce quiz a été pris 138 fois
  • Le résultat moyen est 19 sur 26
Statistiques - réponses
Hint Réponse % Correct
G/ Créature schizophrène vouant un culte à "son précieux" Gollum
98%
H/ Peuple de semi-hommes vivant dans La Comté Hobbits
97%
L/ Elfe fils de Thranduil, très bon archer et ami de Gimli, je fais partie de la communauté de l'anneaux en tant que représentant des elfes Legolas
96%
B/ Créature démoniaque libérée par les Nains dans les mines de la Moria Balrog
95%
R/ Royaume des cavaliers dits Rohirrims Rohan
95%
S/ Hobbit qui combattra Arachnée et portera Frodo jusqu'à la Montagne du Destin Sam
94%
F/ Fils de Denethor II et mari d'Eowyn Faramir
93%
K/ Nain faisant partie de la compagnie de Thorin Ecu-de-Chêne, je tombe amoureux de Tauriel dans l'adaptation cinématographique du Hobbit Kili
93%
I/ Forteresse où sont amenés Merry et Pippin, je suis la demeure de Saroumane Isengard
92%
D/ Dague trouvée dans une caverne de trolls, baptisée par Bilbon Dard
88%
E/ Capitale du Rohan, abritant la demeure du roi Théoden Edoras
88%
P/ Pierre de vision ayant l'apparence d'une boule de cristal sombre, je suis utilisée par Saroumane pour contacter Sauron Palantir
86%
M/ Principal agent du mal, maître de Sauron, je serai vaincu après le guerre de la Grande Colère Morgoth
85%
W/ Créature servant de monture aux armées de Sauron, je suis une sorte de loup géant Warg
84%
N/ Île de la Grande Mer, habitée des Dunedains, mes habitants sont d'ailleurs les ancêtres d'Aragorn Numenor
83%
O/ Cité défensive de Minas Tirith, je suis prise et détruite par les orques Osgiliath
82%
U/ Créature pouvant se déplacer en plein jour, je suis plus grand et plus puissant que les autres orques Uruk-Hai
82%
T/ Prince du Rohan, fils de Théoden, je meurs de mes blessures après un assaut Théodred
77%
C/ Elfe époux de Galadriel et seigneur de Lothlorien Celeborn
75%
V/ Êtres spirituels, nous sommes considérés comme des divinités, nous accueillons les Elfes et quelques Hobbits sur nos Terres Immortelles Valars
70%
A/ Epée dont la lame fut brisée, d'abord connue sous le nom de Narsil Anduril
64%
Q/ Langue inventée aussi appelée Haut-elfique, langue de cérémonie pour les Elfes et les Dunedains Quenya
56%
J/ Prénom de l'auteur de œuvres se référant à la Terre du Milieu John Ronald Reuel
42%
X/ Terminaison utilisée dans la langue Quenya
21%
Z/ Epouse de Malach et mère d'Adanel, je change de nom après mon mariage Zimrahin
2%
Y /Saule fille de Nolondil, je viens de l'île de Numenor Yavien
1%
Aucun quiz correspondant
Distribution des résultats
% des personnes avec chaque résultat
Percentile par nombre de réponses
Votre historique - résultats
Vous n’avez pas pris ce quiz